| 000 | 00674nam a22002177a 4500 | ||
|---|---|---|---|
| 003 | OSt | ||
| 005 | 20190820105107.0 | ||
| 008 | 190820b xxu||||| |||| 00| 0 ara d | ||
| 040 | _aLB-BrCRDP | ||
| 082 | _a916.03 P331c | ||
| 100 | _aدنيز بولم / Denise Paulme | ||
| 245 | _aالحضارات الأفريقية / Les Civilisations Africaines | ||
| 260 |
_aبيروت _bمنشورات عويدات _c1974 |
||
| 300 |
_aص203 _cسم17 |
||
| 490 | _aزدني علما / Que sais-je?, 606. | ||
| 630 | _a Africa -- Civilization. | ||
| 630 | _aAfrique -- Civilisation. | ||
| 630 | _aCivilization. | ||
| 700 | 7 | _aترجمة : نسيم نصر | |
| 942 |
_2ddc _cBK |
||
| 999 |
_c23190 _d23190 |
||